Guess the definition - "B" - Statistics

General Stats
  • This quiz has been taken 37 times
  • The average score is 6 of 10
Answer Stats
Question Answer % Correct
Byrnie A chain mail shirt
100%
Bubkes An unimportant or negligible amount of something
100%
Bierkeller A German-style bar
50%
Bauera A plant with purple flowers in Australasia
50%
Bywoner A poor farm labourer in South Africa
50%
Braccate Having feathered legs or feet
50%
Bibliopole Someone who sells books
50%
Buirdly Sturdy & well-made
50%
Bouderie Sulkiness, pouting
50%
Bael A thorny rutaceous tree from India
0%
No matching quizzes found
Score Distribution
Percent of People with Each Score
Percentile by Number Answered
Your Score History
You have not taken this quiz